[Event "Guayaquil zt 2.4"]
[Site "Guayaquil"]
[Date "2019.04.13"]
[Round "7"]
[White "Esmeraldas Huachi, Anderson Yahir"]
[Black "Aguirre Burgos, Flavio Jose"]
[Result "1-0"]
[WhiteElo "1781"]
[BlackElo "1834"]
[PlyCount "95"]
[EventDate "2019.04.09"]
[EventType "swiss"]
[EventRounds "9"]
[EventCountry "ECU"]
[SourceTitle "CBM 189 Extra"]
[Source "ChessBase"]
[SourceDate "2019.06.03"]
[SourceVersion "1"]
[SourceVersionDate "2019.06.03"]
[SourceQuality "1"]

1. d4 Nf6 2. c4 g6 3. Nc3 Bg7 4. e4 d6 5. Nf3 0-0 6. Be2 e5 7. 0-0 exd4 8. Nxd4 Re8 9. f3 c6 10. Bg5 Qb6 11. Na4 Qa5 12. Bd2 Qc7 13. Be3 d5 14. cxd5 Nxd5 15. Bf2 Nf4 16. Qc2 Be5 17. Kh1 Nxg2 18. Kxg2 Qd7 19. Kh1 Qh3 20. Bg1 Bf4 21. Nc5 Nd7 22. Nxd7 Bxd7 23. Bc4 b5 24. Bb3 c5 25. Ne2 Be5 26. Bd5 Rac8 27. f4 Bg4 28. Ng3 Bd6 29. e5 Bf8 30. Qb3 c4 31. Qxb5 Red8 32. Bg2 Qh6 33. Ne4 Be7 34. Qb7 Kf8 35. Nf6 Bf5 36. Rad1 Bd3 37. Rf3 Bxf6 38. exf6 Rb8 39. Qxa7 Kg8 40. Re1 Rxb2 41. Qe7 Rbb8 42. Rh3 Qxf4 43. Rxh7 Kxh7 44. Be3 Qxe3 45. Qxe3 Bf5 46. Be4 Re8 47. Qf4 Rb1 48. Qh4+ 1-0

[Event "Pan American-ch U20"]
[Site "Guayaquil"]
[Date "2018.06.20"]
[Round "3"]
[White "Molina Mendoza, Omar"]
[Black "Aguirre Burgos, Flavio Jose"]
[Result "1/2-1/2"]
[WhiteElo "2214"]
[BlackElo "1737"]
[PlyCount "62"]
[EventDate "2018.06.19"]
[EventType "swiss"]
[EventRounds "9"]
[EventCountry "ECU"]
[SourceTitle "EXT 2019"]
[Source "ChessBase"]
[SourceDate "2018.10.10"]
[SourceVersion "1"]
[SourceVersionDate "2018.10.10"]
[SourceQuality "1"]

1. Nf3 Nf6 2. d4 g6 3. g3 Bg7 4. Bg2 0-0 5. 0-0 d6 6. b3 a5 7. Bb2 a4 8. c4 Nbd7 9. Nc3 a3 10. Bc1 e5 11. e3 exd4 12. Nxd4 Re8 13. Qc2 Nc5 14. b4 Ne6 15. Qb3 Nxd4 16. exd4 Nd7 17. Be3 Nf6 18. h3 Bf5 19. Rad1 Ne4 20. Nb1 h5 21. Nxa3 Qd7 22. Kh2 Qa4 23. Nb5 Qxa2 24. Qxa2 Rxa2 25. Ra1 Rc2 26. Nxc7 Rc8 27. Nd5 Re8 28. Nb6 Nd2 29. Rfd1 Nxc4 30. Nxc4 Rxc4 31. b5 Be4 1/2-1/2